=LDR 00000nam 2200000 4500 =001 INLIS000000000033780 =005 20130612135721 =008 ***********************************ind** =035 ##$$0010-061300000033780 =041 ##$$a ind =082 ##$$a 540 =090 ##$$a 540, Bra k =100 ##$$a Brady, James E =245 ##$$a Kimia universitas asas =260 ##$$a [Sa] $b Jakarta =300 ##$$a ...Jil, 22 cm =650 ##$$a Kimia =700 ##$$a Maun, Sukmariah =850 ##$$a NBPNMAT =990 ##$$a 21006222 =990 ##$$a 21006221 =990 ##$$a 21006222 =990 ##$$a 21006221